[Event "Legislatura Portena Open 2019"]
[Site "Buenos Aires"]
[Date "2019.03.27"]
[Round "7.4"]
[White "Obregon, Andres Carlos"]
[Black "Chiarot, Cesar"]
[Result "1-0"]
[WhiteElo "2514"]
[BlackElo "2233"]
[Annotator "TA"]
[PlyCount "85"]
[EventDate "2019.03.20"]
[EventType "swiss"]
[EventCountry "ARG"]
[SourceTitle "playchess.com"]
[Source "ChessBase"]
[SourceQuality "1"]

{[%evp 11,85,34,29,26,27,0,3,7,0,-12,21,14,75,9,18,13,16,20,15,20,22,21,15,3,27,31,65,65,64,64,64,60,62,64,66,68,148,155,141,138,164,167,160,83,86,71,199,205,210,212,262,253,311,206,390,369,427,395,885,883,867,883,853,862,831,810,889,884,1350,1353,1345,1287,2035,1823,29984,29985]} 1. d4 d5 2. c4 c6 3. Nf3 Nf6 4. Nc3 a6 5. e3 b5 6. b3 Bg4 7. Bd2 {D15: Slav Defence: 4 Nc3 a6 and gambit lines after 4 Nc3 dxc4} (7. cxd5 cxd5 8. Bd3 e6 9. a4 b4 10. Ne2 Bxf3 11. gxf3 Be7 12. Bd2 O-O 13. Rc1 Qd7 14. Qc2 Bd6 {1-0 (28) Aronian,L (2805)-Laznicka,V (2647) Riadh 2017}) 7... e6 8. Bd3 (8. h3 $5 {[%cal Rh3g4]} Bxf3 9. gxf3 $11 (9. Qxf3 Bb4 $11)) 8... Nbd7 9. h3 $146 {The position is equal.} ({Predecessor:} 9. O-O Be7 10. h3 Bh5 11. cxb5 cxb5 12. a4 b4 13. Ne2 Ne4 14. Be1 f5 {0-1 (33) Kozul,Z (2612)-Lekic,D (2381) Bihac 1999}) 9... Bh5 10. Qc2 Bg6 11. O-O Bd6 (11... Bxd3 $11 12. Qxd3 Be7) 12. a4 ({But not} 12. cxb5 $6 cxb5 13. Bxg6 hxg6 $11) (12. Bxg6 $16 {And now Bd3 would win.} hxg6 13. e4 dxe4 14. Nxe4 Nxe4 15. Qxe4) 12... Bxd3 13. Qxd3 {[%cal Ra4b5]} b4 14. Ne2 a5 15. Rac1 O-O 16. cxd5 cxd5 17. Rc6 $36 {[%mdl 2048] White is more active.} Ne4 18. Rfc1 f5 19. Be1 g5 20. Nd2 {Threatens to win with f3.} Ndf6 21. f3 Nxd2 22. Qxd2 Nh5 23. Qd3 g4 (23... Ng7 $14) 24. hxg4 fxg4 25. fxg4 Ng7 {[#]} 26. g3 $1 Qe7 27. e4 ({Better is} 27. Nf4) 27... dxe4 $16 28. Qxe4 Rae8 (28... Ne8 $16) 29. Bd2 $18 Bb8 30. Kg2 Qf7 31. Be3 Qd7 {next ...Qd5 is good for Black.} 32. Nf4 Rf6 $2 (32... Bxf4 {is a better defense.} 33. Bxf4 (33. gxf4 Qd5 $18) 33... Rf7) 33. R6c5 e5 34. Nd5 Rg6 $2 {[#]} (34... Rfe6 35. Rh1 h5 36. gxh5 exd4 37. Qxd4 Qd6) 35. Qxg6 $1 {[%mdl 512] Nf6+ would kill now.} Qxd5+ (35... hxg6 36. Nf6+) 36. Rxd5 {White threatens Qf6 and mate.} hxg6 37. Rxa5 exd4 38. Bxd4 Ne6 39. Bf6 Nf8 40. Rb5 Nd7 41. g5 {[%cal Bg4g5,Bg5f6][%mdl 32]} Nxf6 42. gxf6 {Threatening mate with Rb7.} Kf7 43. Rc6 {Precision: White = 71%, Black = 41%.} 1-0

[Event "Legislatura Portena Open 2019"]
[Site "Buenos Aires"]
[Date "2019.03.27"]
[Round "7.5"]
[White "Della Morte, German"]
[Black "Hungaski, Robert"]
[Result "1-0"]
[WhiteElo "2366"]
[BlackElo "2505"]
[Annotator "TA"]
[PlyCount "63"]
[EventDate "2019.03.20"]
[EventType "swiss"]
[EventCountry "ARG"]
[SourceTitle "playchess.com"]
[Source "ChessBase"]
[SourceQuality "1"]

{[%evp 21,63,10,0,10,14,0,19,31,122,133,155,143,146,108,83,87,256,244,260,251,386,383,361,353,481,480,466,454,420,366,362,365,328,172,174,164,29991,29992,29992,29993,29993,29994,29998,29999]} 1. e4 e6 2. d4 d5 3. Nc3 Nf6 4. Bg5 Be7 5. e5 Nfd7 6. Bxe7 Qxe7 7. f4 a6 8. Nf3 c5 9. Qd2 Nc6 10. dxc5 Qxc5 11. O-O-O b5 {[%cal Bb7b5,Bb5b4][%mdl 32]} 12. Kb1 {C14: French: Classical System: 4 Bg5 Be7 main line} b4 (12... Nb6 13. Bd3 Rb8 14. g4 Nc4 15. Bxc4 bxc4 16. Ne2 h5 17. gxh5 Rh7 18. h6 Rxh6 19. h4 Rh5 {1-0 (31) Debashis,D (2522)-Rathnakaran,K (2385) New Delhi 2018}) 13. Ne2 {[%cal Bc3e2,Be2f4,Bf4h5][%mdl 32]} Qb6 $146 ({Predecessor:} 13... O-O 14. h4 a5 15. Ned4 Nxd4 16. Nxd4 a4 17. h5 a3 18. b3 Ba6 19. Bxa6 Rxa6 20. Rh3 {0-1 (45) Randolph,D (1992)-Boreika,V (2242) ICCF email 2012}) 14. f5 {The position is equal.} Ndxe5 (14... exf5 $14 15. Nf4 (15. Qxd5 O-O $16) 15... O-O) 15. Qg5 $1 $16 {[%cal Rg5g7]} O-O 16. f6 {[%csl Gf6][%cal Rg5g7]} Ng6 17. fxg7 Kxg7 18. Nf4 f6 $2 (18... Kg8 $16) 19. Nh5+ $18 Kh8 {[#]} 20. Qh6 $1 {[%csl Gh5][%cal Rh6g7]} Ra7 {[#]} (20... Rf7 {was necessary.}) 21. Bd3 $1 f5 {[#]} 22. g4 $1 {[%mdl 512]} Qd8 ({And not} 22... fxg4 23. Nh4 $18) 23. gxf5 exf5 24. Rhg1 {Strongly threatening Rxg6.} Rg8 25. Rg5 Rf7 26. Rdg1 {[%cal Rg5g6] Threatens to win with Rxg6.} Qd6 27. h4 (27. R5g2 $142) 27... Nce5 28. Nf4 $40 {[%mdl 192] Threatening mate with Nxe5. Pin. White has strong attack.} ({But not} 28. Nxe5 Qxe5 29. b3 Ne7 $16) 28... Rfg7 $2 (28... Ng4 $18 29. Nxg6+ (29. R1xg4 fxg4 30. Nxg6+ Rxg6 $14) 29... Rxg6 30. Rxg6 (30. R1xg4 fxg4 31. Bxg6 Rg7 $14 {[%mdl 64] Pin}) 30... Qxg6) 29. Nxe5 {[%mdl 64] Overworked Piece. White mates.} Qxe5 30. Nxg6+ {[%mdl 64] Overworked Piece} Rxg6 31. Rxg6 Rxg6 32. Qf8+ {[%mdl 64] Double Attack. Accuracy: White = 77%, Black = 23%.} 1-0

[Event "Legislatura Portena Open 2019"]
[Site "Buenos Aires"]
[Date "2019.03.27"]
[Round "7.6"]
[White "Miranda, Rafael"]
[Black "Alonso, Salvador"]
[Result "0-1"]
[WhiteElo "2295"]
[BlackElo "2497"]
[Annotator "TA"]
[PlyCount "76"]
[EventDate "2019.03.20"]
[EventType "swiss"]
[EventCountry "ARG"]
[SourceTitle "playchess.com"]
[Source "ChessBase"]
[SourceQuality "1"]

{[%evp 13,76,18,31,13,15,20,39,33,38,0,4,0,0,0,18,21,71,-18,0,-77,-36,-33,-27,-30,-30,-54,-52,-54,-55,-55,-70,-100,-60,-118,-104,-110,-88,-120,-104,-102,-100,-104,-84,-117,-115,-115,-114,-123,-108,-136,-115,-279,-290,-482,-454,-549,-507,-509,-229,-641,-297,-272,-139,-539,-522]} 1. e4 c5 2. Nf3 e6 3. d4 cxd4 4. Nxd4 Nc6 5. Nc3 Qc7 6. Be3 a6 7. Qd2 Nf6 8. f4 {B48: Sicilian: Taimanov: 5 Nc3 Qc7 6 Be3 a6 without Be2} (8. O-O-O Be7 9. f4 b5 10. e5 b4 11. exf6 bxc3 12. Qxc3 Bxf6 13. g4 h6 14. h4 Bb7 15. Rh2 Qd6 16. Qd2 Bxd4 17. Bxd4 Qxd4 18. Qxd4 Nxd4 19. Rxd4 {½-½ (31) Duda,J (2738)-Shankland,S (2725) Wijk aan Zee 2019}) 8... Bb4 {Strongly threatening ...Nxe4!} 9. Bd3 O-O 10. a3 {White is slightly better.} Be7 11. e5 Ng4 12. Ne4 $146 ({Predecessor:} 12. Bg1 f5 13. O-O-O b5 14. h3 Nh6 15. g4 Bb7 {0-1 (43) Leon Hoyos,M (2517)-Perunovic,M (2602) Tromsoe 2014}) 12... Nxe3 13. Qxe3 Nxd4 14. Qxd4 b5 15. Qe3 (15. Nf6+ $1 $16 Bxf6 16. exf6) 15... Bb7 (15... f5 {looks sharper.} 16. exf6 gxf6 17. O-O-O d5 18. Nd2 e5) 16. O-O (16. Nf6+ $11 Bxf6 17. exf6) 16... Bxe4 17. Qxe4 {[%csl Gd3][%cal Re4h7]} g6 18. Kh1 d6 19. Rae1 dxe5 20. fxe5 Rad8 21. Rf3 Rd5 22. Qf4 Qd8 23. Re4 (23. Ref1 $15) 23... Bg5 $17 24. Qg3 Bh6 25. h4 Rd4 26. Qg4 Rxe4 $1 27. Qxe4 Bg7 28. Re3 Qc7 29. b4 Rd8 30. c4 bxc4 31. Bxc4 a5 32. b5 $2 {[#]} (32. Kh2 $17) 32... Qc5 $1 $19 33. Be2 $2 {[#]} (33. Rd3 Rxd3 34. Qa8+ Bf8 35. Bxd3) 33... Rd4 $1 {[%cal Rd4e4]} 34. Qa8+ Bf8 {Threatens to win with ...Qc1+.} 35. Re4 h5 (35... Rd2 $142 {Hoping for ...Qf2.} 36. Kh2 Qf2) 36. g3 $2 (36. Rxd4 Qxd4 37. g3) 36... Rxe4 (36... Rd2 $142 37. Kg2 Qxb5) 37. Qxe4 Qf2 (37... Qxa3 $19 38. Kg2 a4) 38. a4 $2 {[%mdl 8192]} (38. Qf3 $17 {nothing else works.} Qxf3+ 39. Bxf3) 38... Qxg3 {Accuracy: White = 23%, Black = 57%.} 0-1

[Event "Legislatura Portena Open 2019"]
[Site "Buenos Aires"]
[Date "2019.03.27"]
[Round "7.7"]
[White "Coro, Lucas"]
[Black "Villanueva, Mario"]
[Result "0-1"]
[WhiteElo "2276"]
[BlackElo "2482"]
[Annotator "TA"]
[PlyCount "68"]
[EventDate "2019.03.20"]
[EventType "swiss"]
[EventCountry "ARG"]
[SourceTitle "playchess.com"]
[Source "ChessBase"]
[SourceQuality "1"]

{[%evp 9,68,18,20,0,0,0,0,0,0,4,0,0,0,0,12,14,50,0,1,0,21,19,32,-10,-1,-19,-12,-47,-45,-41,-49,-37,-41,-72,-54,-45,-42,-55,-48,-63,-61,-92,-86,-152,-135,-143,-158,-175,-168,-173,-170,-165,-142,-564,-579,-572,-575,-552,-556,-552,-538]} 1. e4 e6 2. d4 d5 3. Nd2 Be7 4. c3 c5 5. dxc5 Nf6 6. Bd3 {C03: French Tarrasch: Unusual Black 3rd moves} (6. exd5 Nxd5 7. Ne4 O-O 8. Nf3 Qc7 9. Bc4 Rd8 10. Qe2 Nd7 11. O-O Nxc5 12. Nxc5 Qxc5 13. Rd1 {½-½ (51) Pavasovic,D (2548)-Bauer,C (2647) Heraklio 2017}) 6... dxe4 7. Nxe4 Nxe4 8. Bxe4 {The position is equal.} Qxd1+ 9. Kxd1 Bxc5 10. Ke2 Nd7 {[%cal Bb8d7,Bd7b6,Bb6d5,Bd5b4][%mdl 32]} 11. Nf3 Ke7 12. Bf4 $146 ({Predecessor:} 12. Rd1 Nf6 13. Bc2 Bd6 14. Bg5 Bd7 15. Nd4 h6 16. Bh4 Rac8 17. Bg3 Bxg3 18. hxg3 {½-½ (40) Zozulia,A (2334)-Mkrtchian,L (2447) Warsaw 2013}) 12... Nb6 13. Bd3 Nd5 14. Bd2 Bd7 15. c4 Nb4 16. Bb1 a5 17. Bc3 f6 18. a3 Nc6 19. b3 e5 20. Be4 Be6 21. Nd2 Nd4+ 22. Bxd4 Bxd4 23. Rab1 Ra7 24. Rhd1 b6 25. Bd3 g6 26. Nf1 (26. a4 $142) 26... a4 $17 {Hoping for ...axb3.} 27. b4 f5 28. f3 Rc8 29. Rdc1 Rd7 30. Ne3 Kf7 31. g3 $2 {[%mdl 8192]} (31. c5 $17) 31... Bxe3 $19 {Black is clearly winning.} 32. Kxe3 {[#]} f4+ $1 {[%mdl 512]} 33. gxf4 exf4+ 34. Ke2 {[#]} Rcd8 $1 {Accuracy: White = 41%, Black = 72%.} 0-1

[Event "Legislatura Portena Open 2019"]
[Site "Buenos Aires"]
[Date "2019.03.27"]
[Round "7.8"]
[White "Rodriguez, Jorge Luis"]
[Black "Bustos, Cristian"]
[Result "0-1"]
[WhiteElo "2385"]
[BlackElo "1999"]
[Annotator "TA"]
[PlyCount "73"]
[EventDate "2019.03.20"]
[EventType "swiss"]
[EventCountry "ARG"]
[SourceTitle "playchess.com"]
[Source "ChessBase"]
[SourceQuality "1"]

{[%evp 33,73,28,30,20,22,0,0,0,0,0,-10,-35,0,-10,168,166,169,175,170,162,168,168,170,41,34,34,34,0,0,0,0,-70,-63,-81,-92,-114,-125,-677,-626,-29995,-29996,-29997]} 1. d4 Nf6 2. c4 e6 3. Nf3 d5 4. Bg5 Be7 5. e3 O-O 6. Nc3 a6 7. cxd5 exd5 8. Qc2 Nbd7 9. Bd3 c6 10. O-O Re8 11. Rae1 Nf8 12. Ne5 Ng4 13. Bxe7 Rxe7 14. f4 f6 15. Nxg4 Bxg4 16. f5 Qd6 17. Qf2 Bh5 18. g4 $146 {D65: Queen's Gambit Declined: Classical: 7 Rc1 c6 8 Qc2 a6 9 cxd5} ({Predecessor:} 18. e4 Rae8 19. exd5 cxd5 20. Rxe7 Rxe7 21. Bc2 Bf7 22. Bb3 Nd7 23. Qf4 Qxf4 24. Rxf4 Nb6 25. Kf2 Kf8 {½-½ (39) Cvitan,O (2500)-Granda Zuniga,J (2555) New York 1987}) 18... Bf7 ({But not} 18... Bxg4 $6 19. Qh4 $16) 19. Ne2 Rae8 20. Nf4 {The position is equal.} c5 {aiming for ...cxd4.} 21. Ng2 Nd7 22. Bb1 Nb6 {[#]} 23. g5 $1 {[%mdl 512]} cxd4 $2 (23... fxg5 $11 {and Black stays safe.} 24. dxc5 Qxc5) 24. g6 $18 hxg6 25. fxg6 Be6 {With the idea ...dxe3.} 26. exd4 Kf8 27. b3 Bg8 28. Ne3 (28. Rd1 $18) 28... Qb4 $14 29. Qh4 Nd7 $1 30. Nc2 Qc3 31. Rxe7 Rxe7 32. Re1 ({White should play} 32. Ne1 $11) 32... Rxe1+ $15 33. Qxe1 {[#]} Qd3 $1 34. Qb4+ Ke8 35. Na3 $2 {[%mdl 8192]} (35. Qe1+ $17 Kd8 36. Qg3) 35... Qe3+ $19 36. Kf1 {If only White now had time for Qe1....} Be6 {[%cal Re6h3]} 37. Kg2 {Precision: White = 24%, Black = 73%.} 0-1

[Event "Legislatura Portena Open 2019"]
[Site "Buenos Aires"]
[Date "2019.03.27"]
[Round "7.9"]
[White "Cimer, Emanuel"]
[Black "Ricardi, Pablo"]
[Result "0-1"]
[WhiteElo "2201"]
[BlackElo "2485"]
[Annotator "TA"]
[PlyCount "50"]
[EventDate "2019.03.20"]
[EventType "swiss"]
[EventCountry "ARG"]
[SourceTitle "playchess.com"]
[Source "ChessBase"]
[SourceQuality "1"]

{[%evp 19,50,53,60,47,52,25,41,38,54,52,59,0,0,-4,-14,-10,-5,0,-10,-134,-136,-139,-155,-381,-343,-516,-506,-487,-521,-511,-478,-739,-728]} 1. e4 c5 2. Nf3 e6 3. c4 Nc6 4. d4 cxd4 5. Nxd4 Nf6 6. Nc3 d6 7. Be2 Be7 8. O-O O-O 9. Be3 Bd7 10. Qd2 a6 11. f3 {B54: Sicilian: 2...d6 3 d4 cxd4 4 Nxd4, Unusual Lines} Qb8 12. a4 Rd8 13. Rab1 $146 {White is slightly better.} ({Predecessor:} 13. a5) 13... Nb4 14. g4 h6 15. h4 ({Better is} 15. Rf2 $14) 15... d5 $11 {[#]} 16. e5 $1 {[%mdl 512]} dxc4 ({Don't blunder} 16... Qxe5 $2 17. Bf4 $18) 17. exf6 Qg3+ {[%mdl 64] Double Attack} 18. Kh1 {Threatens to win with Ne4.} Qxh4+ 19. Kg2 (19. Kg1 $11 {remains equal.} Qg3+ 20. Kh1 Qh3+ 21. Kg1 Qg3+ 22. Kh1 Qh3+ 23. Kg1 Qg3+) 19... Qxf6 $17 ({Not} 19... Bd6 $2 20. Rh1 $18) 20. Ne4 {[#]} ({Much weaker is} 20. Bxc4 e5 $15) 20... Qg6 $1 {Strongly threatening ...e5.} 21. Qc1 $2 (21. Ng3 $17 {keeps fighting.}) 21... e5 $19 22. Nc2 (22. Bd2 $142 Bxg4 {[%mdl 64] Deflection} 23. fxg4 Qxe4+ {[%mdl 64] Double Attack} 24. Bf3 Qxd4 25. Be3) 22... Nd3 {Black is clearly winning.} 23. Bxd3 cxd3 24. Ne1 {[#]} Bxg4 $1 {[%mdl 512]} 25. Ng3 (25. Kh2 $142 Rac8 26. Qd1) (25. fxg4 Qxe4+) 25... Rac8 {Accuracy: White = 44%, Black = 79%.} 0-1

[Event "Legislatura Portena Open 2019"]
[Site "Buenos Aires"]
[Date "2019.03.27"]
[Round "7.10"]
[White "Acosta, Pablo Ismael"]
[Black "Hernandez Amura, Gilberto"]
[Result "1-0"]
[WhiteElo "2467"]
[BlackElo "2195"]
[Annotator "TA"]
[PlyCount "105"]
[EventDate "2019.03.20"]
[EventType "swiss"]
[EventCountry "ARG"]
[SourceTitle "playchess.com"]
[Source "ChessBase"]
[SourceQuality "1"]

{[%evp 12,105,57,39,58,39,43,44,52,39,48,47,39,48,53,55,55,60,72,45,39,43,49,45,25,38,41,37,33,30,30,32,70,70,78,33,42,33,37,41,34,46,112,88,85,55,58,65,126,122,119,61,64,72,72,64,93,104,123,109,146,142,177,0,0,-20,0,0,0,0,-92,0,0,0,68,53,57,63,230,227,197,195,171,130,308,262,733,715,1090,1195,29984,29985,29986,29987,29987,29988]} 1. d4 Nf6 2. Nf3 c5 3. d5 e6 4. c4 exd5 5. cxd5 d6 6. Nc3 g6 7. Bf4 Nbd7 {A61: Modern Benoni: Nf3 without early e4} (7... Bg7 8. e3 O-O 9. h3 Qe7 10. Nd2 Nh5 11. Bh2 f5 12. Be2 f4 13. O-O fxe3 14. Nde4 exf2+ 15. Kh1 Bxc3 16. Nxc3 {0-1 (49) Xiong,J (2665)-Caruana,F (2804) Saint Louis 2018}) 8. h3 a6 9. a4 Qe7 {White is slightly better.} 10. e3 Bg7 11. Be2 O-O 12. O-O Ne8 13. Nd2 Ne5 14. a5 Bd7 {[#]} 15. Ra3 $146 ({Predecessor:} 15. Qb3 Nc7 16. Nde4 Rfd8 17. Rfe1 Be8 18. Bg5 {1-0 (27) Riazantsev,A (2682)-Cebalo,M (2500) Biel 2010}) 15... Rb8 16. Rb3 Nc7 17. Bh2 f5 18. Re1 Kh8 19. Bf1 Rfe8 20. Kh1 Nf7 21. Nc4 Nb5 22. Nb6 Nc7 23. Nca4 Bxa4 24. Nxa4 Be5 25. f4 Bg7 26. Nb6 Red8 ({Black should play} 26... Na8 $14) 27. Bd3 Qh4 28. e4 fxe4 29. Bxe4 Nb5 (29... Re8 $14) 30. Bg3 $16 Qf6 31. Bb1 (31. Rbe3 $1 $16) 31... Nd4 32. Rbe3 {Black must now prevent Re6!} Nh6 33. Bh2 Nhf5 34. Re4 Qh4 35. Qd3 $1 Qf2 36. Nc4 $1 h5 37. g4 $2 (37. Rg1 $18) 37... Nf3 {[%csl Gf3][%cal Rf2h2]} (37... hxg4 $5 38. Rf1 $8 Qh4 39. hxg4 Qxg4 $17) 38. Qc2 (38. Qe2 $5 {[%cal Re2f2]} Ng3+ 39. Bxg3 Qxg3 {[%mdl 64] Double Attack} 40. Qg2 Qxg2+ 41. Kxg2 Nxe1+ 42. Rxe1 $15) 38... Ng3+ (38... Qxh2+ 39. Qxh2 Nxh2 40. Kxh2 $16) 39. Bxg3 Qxg3 {[%mdl 64] Double Attack} 40. Qg2 $36 {[%mdl 2048] Black is under pressure.} Qxg2+ 41. Kxg2 Nxe1+ 42. Rxe1 hxg4 (42... Rf8 $11 43. Kg3 h4+ $1 {[%mdl 512]} 44. Kxh4 Rxf4 45. Nxd6 Bf6+ 46. Kg3 Rd4) 43. hxg4 $14 g5 44. fxg5 Be5 $2 (44... Re8 $14 45. Rh1+ Kg8) 45. Rh1+ $18 (45. Nxe5 dxe5 46. Rh1+ (46. Rxe5 b6 $11) 46... Kg8 $16) 45... Kg8 {[#]} 46. Bf5 $1 Re8 47. Rh6 Bxb2 $2 (47... Rbd8 $16 {was necessary.}) 48. Be6+ (48. Nxb2 Re2+ 49. Kg3 Rxb2 $14) ({Don't do} 48. Nxd6 Bc3 $16) (48. Rxd6 Bd4 $14) 48... Kg7 $2 (48... Rxe6 49. Rxe6 Be5) 49. Nxb2 b5 50. axb6 Rxb6 51. Nc4 {White mates.} Reb8 52. Nxb6 Rxb6 53. Bf5 {Accuracy: White = 64%, Black = 56%.} 1-0

[Event "Legislatura Portena Open 2019"]
[Site "Buenos Aires"]
[Date "2019.03.28"]
[Round "8.1"]
[White "Perez, Maximiliano"]
[Black "Obregon, Andres Carlos"]
[Result "0-1"]
[WhiteElo "2418"]
[BlackElo "2514"]
[Annotator "TA"]
[PlyCount "98"]
[EventDate "2019.03.20"]
[EventType "swiss"]
[EventCountry "ARG"]
[SourceTitle "playchess.com"]
[Source "ChessBase"]
[SourceQuality "1"]

{[%evp 21,98,12,23,-8,-13,0,12,22,29,0,0,5,55,28,34,31,20,32,17,27,62,52,82,70,49,61,116,117,116,114,124,117,112,53,41,53,37,-22,-20,-35,-19,-32,-43,-66,-26,-19,-30,-38,-7,-40,-55,-97,-80,-127,-115,-143,-148,-208,-209,-201,-152,-153,-122,-141,-135,-301,-281,-363,-330,-527,-520,-504,-485,-29981,-29982,-29988,-29989,-29989,-29990]} 1. e4 c5 2. Nf3 d6 3. d4 cxd4 4. Nxd4 Nf6 5. Nc3 a6 6. Be2 e5 7. Nb3 Be7 8. Be3 O-O 9. O-O Nc6 10. Qd2 Be6 11. Rfd1 a5 12. f3 {B92: Sicilian Najdorf: 6 Be2} (12. a3 a4 13. Nc1 Qa5 14. Qd3 Rfc8 15. N1a2 Qd8 16. Qd2 Ng4 17. Bxg4 Bxg4 18. f3 Be6 19. Nb4 Na5 20. Ncd5 Nc4 21. Qc1 Bf8 22. Bf2 Be7 23. Be3 Bf8 24. Bf2 Be7 {½-½ (24) Kovchan,A (2554)-Kokarev,D (2625) Taganrog 2014}) 12... a4 13. Nc1 Ra5 $146 ({Predecessor:} 13... Qc8 14. a3 Rd8 15. Bb6 Rd7 16. Qe3 d5 17. exd5 Nxd5 18. Nxd5 Rxd5 19. Rxd5 Bxd5 {0-1 (54) Diele,R (2211)-Ljubicic,L (2440) ICCF email 2007}) 14. Bb5 {The position is equal.} a3 15. bxa3 Rxa3 16. Nb3 Na5 17. Nb1 Nxb3 18. cxb3 Ra8 19. Nc3 $36 {[%mdl 2048] White fights for an advantage.} Qa5 20. Bf1 Bd8 21. Kh1 Rc8 22. Nb5 d5 23. b4 (23. exd5 Nxd5 24. Nd6 Rc2 $11) 23... Qa4 (23... Qa8 $1 $14) 24. Bc5 $16 ({But not} 24. exd5 $6 Nxd5 25. Bc5 Be7 $11) 24... Rxc5 25. bxc5 {Hoping for Nc3.} Ba5 26. Qb2 dxe4 27. Nc3 ({Better is} 27. Qxe5 $16 exf3 28. gxf3) 27... Bxc3 $14 28. Qxc3 exf3 29. gxf3 ({White should play} 29. Qxe5 $14 Re8 30. gxf3) 29... Bd5 $11 30. Bg2 Re8 {[%mdl 1024] Black has compensation.} 31. Re1 Qf4 32. Re2 Bc6 (32... Nh5 {seems wilder.} 33. Rae1 f6 34. Rd2 Bc6 35. Qe3 Qf5) 33. Rae1 {[%cal Re2e5]} Nd7 34. Qe3 {aiming for Qxf4.} g5 35. Rg1 Kh8 36. Qc3 Nf8 37. Rge1 {[%cal Re2e5]} f6 38. Re4 Qf5 39. Rd1 (39. R4e2 $17 {is a better defense.}) 39... Ne6 $19 ({Don't take} 39... Bxe4 40. fxe4 Qg4 41. Qd3 $17) 40. Rd6 Bxe4 41. fxe4 Qf2 42. Qf3 Qe1+ ({Much weaker is} 42... Qxa2 $6 43. Qxf6+ Ng7 44. Rb6 $11) 43. Bf1 $2 {[#]} (43. Qf1 $17 {was the only chance.} Qxf1+ 44. Bxf1) 43... Nf4 $1 44. Rd1 {[#]} Qb4 $1 45. Rc1 (45. c6 $142 bxc6 46. a3) 45... Rd8 46. c6 bxc6 47. Rxc6 (47. Kg1 $19) 47... Qe1 {Black mates.} 48. Kg1 {[#]} g4 $1 {[%mdl 576] Deflection} 49. Qxg4 Qe3+ {Accuracy: White = 26%, Black = 61%.} 0-1

[Event "Legislatura Portena Open 2019"]
[Site "Buenos Aires"]
[Date "2019.03.28"]
[Round "8.2"]
[White "Alonso, Salvador"]
[Black "Romero Barreto, Jaime Jose"]
[Result "1-0"]
[WhiteElo "2497"]
[BlackElo "2337"]
[Annotator "TA"]
[PlyCount "93"]
[EventDate "2019.03.20"]
[EventType "swiss"]
[EventCountry "ARG"]
[SourceTitle "playchess.com"]
[Source "ChessBase"]
[SourceQuality "1"]

{[%evp 9,93,6,0,-5,19,26,27,31,34,41,43,39,21,51,52,49,37,-39,58,74,73,68,100,79,80,79,136,145,132,91,156,165,207,104,218,179,165,147,211,223,330,182,169,97,94,99,86,89,124,95,175,214,960,954,920,237,233,222,402,301,402,394,356,166,166,166,278,267,412,400,427,427,427,301,1292,1248,6215,6192,6070,5875,6079,6070,5806,5586,5040,4666]} 1. e4 e5 2. Nf3 Nc6 3. d4 exd4 4. Nxd4 Bc5 5. Nb3 Bb6 6. Qe2 {C45: Scotch Game} (6. Nc3 Nf6 7. Qe2 O-O 8. Bg5 Nd4 9. Qd2 Nxb3 10. axb3 h6 11. Be3 Bxe3 12. Qxe3 d5 13. O-O-O c6 14. exd5 cxd5 {1-0 (40) Amin,B (2686)-Safarli,E (2676) Hoogeveen 2018}) 6... d6 7. Be3 Nf6 8. Nc3 {White has an edge.} O-O 9. O-O-O Re8 10. f3 Be6 11. Kb1 Ne5 12. Bxb6 axb6 13. Nd4 $146 (13. a3 $14) ({Predecessor:} 13. Qf2 Qe7 14. h3 Nfd7 {1-0 (50) Alexakis,G (2061)-Papadopoulos,A (2255) Heraklion 2016}) 13... Bc4 (13... c6 $1 $15) 14. Qf2 Bxf1 15. Rhxf1 Nc6 16. g4 Nxd4 17. Qxd4 Re5 (17... Re6 $142) 18. f4 $16 Rea5 19. e5 Ne8 (19... Nxg4 $142 20. Rg1 Nh6) 20. a3 b5 21. exd6 (21. Rfe1 $18) 21... Nxd6 (21... Qxd6 $16 22. Qxd6 Nxd6) 22. g5 Qf8 23. Rfe1 Nc4 (23... Nf5 $16 24. Qd7 b4) 24. Nd5 $18 Qd6 (24... Ra4 {might work better.} 25. Ne7+ Kh8) 25. Ne7+ (25. Qe4 $142 Qc5 26. Nxc7 $1 {[%mdl 576] Back Rank}) 25... Kf8 26. Qxd6 ({Better is} 26. Qc3 $1 $18 Nxa3+ 27. bxa3 Qxa3 28. Qxa3 Rxa3 29. Nd5) 26... Nxd6 $16 27. Nd5 $1 {[%cal Rd5c7]} Ne8 28. Rd3 Ra4 29. c3 Rc4 (29... R4a6 $16) 30. Rh3 $1 $18 {[%cal Rh3h7]} Rd8 $2 (30... Kg8 31. Ree3 Kh8) 31. Rxh7 {[%cal Rh7h8]} Kg8 32. Rh3 $2 (32. Rh5 {White threatens Ne7+ and mate.} g6 33. Rxe8+ $1 {[%mdl 576] Decoy} Rxe8 34. Nf6+ {[%mdl 64] Double Attack} Kg7 35. Rh7+ Kf8 36. Rh8+ Ke7 37. Rxe8+ Kd6 38. Ne4+ Kd7 39. Re5) 32... f5 33. gxf6 Rxd5 $2 (33... Nxf6 34. Nxf6+ gxf6) 34. Rxe8+ {[%mdl 4096] Endgame KRR-KRR} Kf7 {[#]} 35. fxg7 $1 {[%mdl 512]} Kxg7 36. Re5 (36. Re7+ $142 Kg6 37. Rg3+ Kf6 38. Rgg7) 36... Rxe5 37. fxe5 {KR-KR} Re4 {[#]} (37... Kg6 $142 38. Kc2 Re4) 38. Rd3 $1 c6 (38... Kg6 $142 39. Rd7 Rc4) 39. Rd7+ Kg6 40. Rxb7 Rxe5 41. Rc7 Rc5 $2 (41... Re6 42. c4 bxc4) 42. Kc2 {White is clearly winning.} Kf6 43. b4 Rc4 44. Kb3 Ke5 45. a4 Rh4 46. Rxc6 bxa4+ 47. Kxa4 {Accuracy: White = 54%, Black = 27%.} 1-0